NBA players Sudden death - Statistics

General Stats
  • This quiz has been taken 1,210 times
    564 since last reset
  • The average score is 5 of 17
Answers on the Grid
Answers color-coded by a green-red scale on the quiz's grid according to % correct below.
World B. Free
Johnathan Jenkins
Kawhi leonard
amon-ra st brown
nigersuares
lebron james
James brown
Goran Dragić
Dionte Christmas
diontae johnson
Ekpe Udoh
Chig okonkwo
tiger woods
God Shammgod
big boi smith
Devon terry
Longar Longar
Metta World Peace
Rollins ramirez
Pooh Richardson
Popeye Jones
Sleepy Floyd
flloyd maweather
Tree Rollins
Uwe Blab
kenneth redway
Dora the explorer
Derrin Elliot
hello
Davante adams
Anthony edwards
Ja morant
 
Answer Stats
Answer % Correct
Kawhi leonard
88%
lebron james
80%
World B. Free
72%
Goran Dragić
58%
Ja morant
45%
Anthony edwards
44%
Metta World Peace
39%
Tree Rollins
18%
God Shammgod
17%
Sleepy Floyd
17%
Popeye Jones
15%
Ekpe Udoh
10%
Pooh Richardson
6%
Dionte Christmas
5%
big boi smith
1%
Longar Longar
1%
Uwe Blab
0%
No matching quizzes found
Score Distribution
Percent of People with Each Score
Percentile by Number Answered
Your Score History
You have not taken this quiz since the last reset